00318nam a2200085 a 450000500170000000800410001705000260005824501080008426000400019220140414131933.0110108s19uu xx 00 eng d aREF 220.071bSt9 200? aStudy guide for peace and unity :ba study guide of vital scripture topics in question and answer form. bReview and Herald Pub. Association.